[Event "Titled Tuesday intern op 09th Jan Early"]
[Site "Chess.com INT"]
[Date "2024.01.09"]
[Round "2"]
[White "Bologan, Viktor"]
[Black "Smirnov, Mark1"]
[Result "1-0"]
[WhiteElo "2585"]
[BlackElo "2152"]
[PlyCount "91"]
[EventDate "2024.01.09"]
[EventType "swiss (blitz)"]
[EventRounds "11"]
[EventCountry "USA"]
[SourceTitle "CB03_2024"]
[SourceDate "2024.01.17"]
[SourceVersion "1"]
[SourceVersionDate "2024.01.17"]
[SourceQuality "1"]

1. e4 c5 2. Nf3 d6 3. Bb5+ Nd7 4. d4 cxd4 5. Nxd4 Ngf6 6. 0-0 a6 7. Bd3 e5 8. Nb3 Be7 9. c4 0-0 10. Nc3 b6 11. f3 Nc5 12. Be3 Be6 13. Be2 Qc7 14. Qd2 Rac8 15. Rfd1 Rfd8 16. Nd5 Bxd5 17. cxd5 b5 18. Nxc5 dxc5 19. a4 c4 20. axb5 axb5 21. Ra7 Qd6 22. Rda1 Rc7 23. R7a6 Qb4 24. Qxb4 Bxb4 25. Rb6 Bc5 26. Bxc5 Rxc5 27. Ra5 c3 28. bxc3 Rxc3 29. Raxb5 Kf8 30. Rc6 Rxc6 31. dxc6 Rc8 32. Rc5 Ke7 33. Rxe5+ Kd6 34. Rf5 Rxc6 35. Kf2 Ke7 36. Ra5 Rc2 37. Ke3 Ne8 38. Ra7+ Kf8 39. h4 g6 40. g4 Ng7 41. Bd3 Rc3 42. Kd4 Rc6 43. Bc4 Rf6 44. Ke3 Ne6 45. g5 Nxg5 46. hxg5 1-0

[Event "Wch Blitz"]
[Site "Samarkand"]
[Date "2023.12.29"]
[Round "9"]
[White "Bologan, Viktor"]
[Black "Seemann, Jakub"]
[Result "1/2-1/2"]
[WhiteElo "2586"]
[BlackElo "2441"]
[PlyCount "343"]
[EventDate "2023.12.29"]
[EventType "swiss (blitz)"]
[EventRounds "21"]
[EventCountry "UZB"]
[SourceTitle "CB01_2024"]
[SourceDate "2024.01.03"]
[SourceVersion "1"]
[SourceVersionDate "2024.01.03"]
[SourceQuality "1"]

1. e4 c5 2. Nf3 d6 3. Bb5+ Nd7 4. d4 cxd4 5. Nxd4 a6 6. Bd3 Ngf6 7. c4 Nc5 8. Nc3 Nxd3+ 9. Qxd3 g6 10. 0-0 Bg7 11. f3 0-0 12. Be3 Bd7 13. a4 Qc7 14. a5 Rac8 15. b3 e6 16. Rfc1 Rfd8 17. Nde2 Qb8 18. Bb6 Re8 19. Bd4 d5 20. e5 dxc4 21. bxc4 Nh5 22. g4 Bxe5 23. gxh5 Bxh2+ 24. Kg2 Bc6 25. Ne4 Be5 26. Bxe5 Qxe5 27. Qd4 Qxd4 28. Nxd4 Bxe4 29. fxe4 gxh5 30. Kf3 Rc5 31. Ke3 Rec8 32. Ra4 h4 33. Nf3 h3 34. e5 R8c6 35. Kd4 Rc7 36. Rh1 R5c6 37. Rxh3 Rd7+ 38. Ke4 Rd1 39. Rg3+ Kf8 40. Rb4 Rc7 41. Ng5 Re1+ 42. Kf4 Rf1+ 43. Ke4 Re1+ 44. Re3 Rc1 45. Kd4 Rd1+ 46. Ke4 Rc1 47. Nxh7+ Kg7 48. Nf6 R1xc4+ 49. Rxc4 Rxc4+ 50. Kd3 Ra4 51. Rg3+ Kh6 52. Rg8 Rxa5 53. Ke4 Ra4+ 54. Kf3 b5 55. Ne4 Ra1 56. Rb8 Rf1+ 57. Kg4 Re1 58. Kf4 Rf1+ 59. Ke3 Kg6 60. Nd6 Kg7 61. Rb7 Kg6 62. Rb8 Re1+ 63. Kd4 Rd1+ 64. Ke4 Re1+ 65. Kf4 Rf1+ 66. Kg4 Rg1+ 67. Kf3 Rf1+ 68. Ke2 Ra1 69. Rg8+ Kh7 70. Rg5 b4 71. Kd3 Rc1 72. Kd2 Rc5 73. Nxf7 b3 74. Rg1 a5 75. Ng5+ Kh6 76. Nxe6 Rxe5 77. Nd4 a4 78. Kc3 Rc5+ 79. Kb2 Rc4 80. Nb5 Rc2+ 81. Kb1 Kh5 82. Rg8 Rc5 83. Rb8 Kg4 84. Na3 Kf3 85. Rb4 Ra5 86. Kb2 Ke2 87. Rh4 Ra8 88. Nb1 Kd3 89. Na3 Ra6 90. Rg4 Ra8 91. Nb5 Ra5 92. Na3 Ra8 93. Nc4 Ke2 94. Rd4 Ra6 95. Rd2+ Kf3 96. Ka3 Ke4 97. Nb2 Ke3 98. Rd8 Ra7 99. Nxa4 b2 100. Rb8 Kd4 101. Rxb2 Rh7 102. Rb4+ Kd5 103. Rg4 Rb7 104. Nc3+ Kc5 105. Na2 Kd5 106. Nb4+ Ke5 107. Kb3 Kf5 108. Rg8 Rc7 109. Nd5 Rc5 110. Ne3+ Ke4 111. Nc4 Rc7 112. Kc3 Rd7 113. Re8+ Kf5 114. Ne3+ Kf4 115. Kc4 Kf3 116. Nd5 Ra7 117. Re3+ Kf2 118. Rb3 Rh7 119. Nf6 Rh4+ 120. Kd5 Rh8 121. Ke4 Rh4+ 122. Kf5 Ra4 123. Ne4+ Kg2 124. Kf4 Ra8 125. Rb2+ Kg1 126. Ng5 Rf8+ 127. Kg3 Kf1 128. Ne4 Ke1 129. Ng5 Kd1 130. Nh3 Kc1 131. Rh2 Rg8+ 132. Kf3 Rh8 133. Ke3 Kb1 134. Kd3 Rd8+ 135. Ke4 Rh8 136. Kf3 Kc1 137. Kg4 Kb1 138. Re2 Ra8 139. Nf4 Ra2 140. Re3 Kb2 141. Nd3+ Kc3 142. Nc1+ Kd4 143. Kf3 Ra8 144. Ne2+ Kc4 145. Rc3+ Kb4 146. Rc7 Re8 147. Nf4 Kb5 148. Nd3 Kb6 149. Rc1 Kb5 150. Kf4 Kb6 151. Ne5 Rh8 152. Ke4 Rd8 153. Nf7 Rd2 154. Ng5 Kb5 155. Ne6 Kb6 156. Nd4 Rh2 157. Rc6+ Kb7 158. Rg6 Rh5 159. Nf5 Rh1 160. Kd5 Rd1+ 161. Nd4 Rc1 162. Nc6 Rd1+ 163. Kc5 Rc1+ 164. Kb5 Rb1+ 165. Nb4 Kc7 166. Kc5 Rc1+ 167. Kd4 Rd1+ 168. Nd3 Rh1 169. Ne5 Rd1+ 170. Kc5 Rc1+ 171. Nc4 Kd7 172. Kd5 1/2-1/2

[Event "EU-chT 24th"]
[Site "Budva"]
[Date "2023.11.18"]
[Round "7.3"]
[White "Mamedov, Rauf"]
[Black "Bologan, Viktor"]
[Result "0-1"]
[WhiteElo "2644"]
[BlackElo "2574"]
[PlyCount "116"]
[EventDate "2023.11.11"]
[EventType "team-swiss"]
[EventRounds "9"]
[EventCountry "MNE"]
[SourceTitle "CB47_2023"]
[SourceDate "2023.11.22"]
[SourceVersion "1"]
[SourceVersionDate "2023.11.22"]
[SourceQuality "1"]
[WhiteTeam "Azerbaijan"]
[BlackTeam "Moldova"]
[WhiteTeamCountry "AZE"]
[BlackTeamCountry "MDA"]

1. e4 e5 2. Nf3 Nc6 3. Bb5 a6 4. Ba4 Nf6 5. d3 d6 6. c4 Be7 7. Nc3 0-0 8. h3 h6 9. 0-0 Nh7 10. Nd5 Bg5 11. Nxg5 hxg5 12. Bxc6 bxc6 13. Ne3 c5 14. Bd2 a5 15. Qh5 Be6 16. h4 gxh4 17. f4 exf4 18. Rxf4 Qg5 19. Qxh4 Qxh4 20. Rxh4 Rfb8 21. Bc3 f6 22. Rf1 a4 23. Nd5 Bxd5 24. exd5 Re8 25. Kf2 Nf8 26. Re1 Rxe1 27. Kxe1 Ng6 28. Re4 Ne5 29. Kd2 Kf7 30. Rh4 Ng6 31. Rh1 Ne5 32. Rh3 Rb8 33. Kc2 Ra8 34. Kd1 Ke7 35. Kd2 Kf7 36. Kc2 Ke7 37. a3 Rb8 38. Ba5 c6 39. Bc3 cxd5 40. cxd5 Ng6 41. Rg3 Kf7 42. Rg4 Ra8 43. d4 c4 44. Bb4 Ne7 45. Bxd6 Nxd5 46. Rh4 Re8 47. Kd2 Re3 48. Rh8 Rd3+ 49. Ke1 Rb3 50. Rc8 Rxb2 51. Rxc4 Rxg2 52. Rxa4 Ke6 53. Bf8 Kf5 54. Ra8 Ke4 55. Re8+ Kf3 56. Kd1 g5 57. Bg7 f5 58. Re5 Ne3+ 0-1

[Event "World-chT Rapid"]
[Site "Dusseldorf"]
[Date "2023.08.27"]
[Round "6.12"]
[White "Bologan, Viktor"]
[Black "Dyachuk, Artem"]
[Result "1-0"]
[WhiteElo "2574"]
[BlackElo "2242"]
[PlyCount "147"]
[EventDate "2023.08.26"]
[EventType "team-swiss (rapid)"]
[EventRounds "12"]
[EventCountry "GER"]
[SourceTitle "CBM 215 Extra"]
[Source "ChessBase"]
[SourceDate "2023.09.30"]
[SourceVersion "1"]
[SourceVersionDate "2023.09.30"]
[SourceQuality "1"]
[WhiteTeam "FIDE Management Board"]
[BlackTeam "Chess Wizzards"]
[BlackTeamCountry "UKR"]

1. e4 c5 2. Nf3 d6 3. d4 cxd4 4. Nxd4 Nf6 5. Nc3 Nc6 6. Bg5 g6 7. Bxf6 exf6 8. Qd2 Bg7 9. Bb5 Bd7 10. 0-0 0-0 11. Bxc6 bxc6 12. Nb3 Be6 13. Rad1 f5 14. Nd4 Bc4 15. Rfe1 Re8 16. exf5 Qb6 17. Nb3 d5 18. fxg6 hxg6 19. Na4 Qb5 20. Nbc5 Be2 21. Rb1 Qc4 22. h3 Bh5 23. b3 Qh4 24. Rxe8+ Rxe8 25. Re1 Rxe1+ 26. Qxe1 g5 27. Qe8+ Kh7 28. Qxc6 Qd4 29. Nd3 Bg6 30. Nab2 g4 31. hxg4 Qxg4 32. Qxd5 Qe2 33. Qc4 Qd2 34. Qh4+ Kg8 35. Nc4 Qxc2 36. Nde5 Qxa2 37. Nxg6 fxg6 38. Qd8+ Kh7 39. Qd3 Qa1+ 40. Kh2 Qc1 41. Qh3+ Kg8 42. Qe3 Qc2 43. g3 a6 44. Kg2 Kh7 45. Kf3 Qf5+ 46. Kg2 Qc2 47. Nd6 Qc6+ 48. Ne4 a5 49. Kh2 a4 50. Ng5+ Kh6 51. Qf4 Bb2 52. bxa4 Bc1 53. Nf7+ Kg7 54. Ne5 Qc7 55. Qe4 Qb6 56. Kg2 Qa6 57. Nc6 Bg5 58. Qd5 Qxa4 59. Ne5 Qe8 60. Ng4 Bd8 61. Qd4+ Kh7 62. Qd2 Qc6+ 63. f3 Bb6 64. Qh6+ Kg8 65. Ne5 Qc2+ 66. Kh3 Qf5+ 67. g4 Qxe5 68. Qxg6+ Kh8 69. Qxb6 Qg5 70. Qd4+ Kh7 71. Kg3 Qg6 72. Qe4 Kh8 73. Qe5+ Kh7 74. Qh5+ 1-0

[Event "World-chT Rapid"]
[Site "Dusseldorf"]
[Date "2023.08.26"]
[Round "1.9"]
[White "So, Wesley"]
[Black "Bologan, Viktor"]
[Result "1-0"]
[WhiteElo "2769"]
[BlackElo "2574"]
[PlyCount "87"]
[EventDate "2023.08.26"]
[EventType "team-swiss (rapid)"]
[EventRounds "12"]
[EventCountry "GER"]
[SourceTitle "CBM 215 Extra"]
[Source "ChessBase"]
[SourceDate "2023.09.30"]
[SourceVersion "1"]
[SourceVersionDate "2023.09.30"]
[SourceQuality "1"]
[WhiteTeam "WR Chess"]
[BlackTeam "FIDE Management Board"]
[WhiteTeamCountry "GER"]

1. e4 e5 2. Nf3 Nc6 3. Bc4 Nf6 4. Ng5 d5 5. exd5 Na5 6. Bb5+ c6 7. dxc6 bxc6 8. Bd3 Bd6 9. 0-0 h6 10. Ne4 Nxe4 11. Bxe4 0-0 12. d3 f5 13. Bf3 e4 14. dxe4 fxe4 15. Be2 Qc7 16. h3 Qe7 17. Qd4 Rb8 18. a3 c5 19. Qd5+ Kh8 20. Nc3 Bf5 21. Be3 Rbd8 22. Rad1 Bh2+ 23. Kxh2 Rxd5 24. Rxd5 Nb7 25. g3 Qe6 26. h4 Bg4 27. Bxg4 Qxg4 28. Re5 Qg6 29. Nxe4 Re8 30. Rxe8+ Qxe8 31. Nc3 Qg6 32. Rc1 Qf5 33. b4 cxb4 34. axb4 a6 35. Ne2 Nd6 36. c4 Qg4 37. Nd4 Ne4 38. c5 g5 39. hxg5 Nxg5 40. c6 Nf7 41. Bf4 Nd6 42. Bxd6 Qxd4 43. Be5+ Qxe5 44. c7 1-0

[Event "Wch Blitz"]
[Site "Almaty"]
[Date "2022.12.29"]
[Round "11"]
[White "Bologan, Viktor"]
[Black "Korelskiy, Egor"]
[Result "1-0"]
[WhiteElo "2525"]
[BlackElo "2307"]
[PlyCount "85"]
[EventDate "2022.12.29"]
[EventType "swiss (blitz)"]
[EventRounds "21"]
[EventCountry "KAZ"]
[SourceTitle "CBM 212"]
[Source "ChessBase"]
[SourceDate "2023.02.28"]
[SourceVersion "1"]
[SourceVersionDate "2023.02.28"]
[SourceQuality "1"]

1. e4 c5 2. Nf3 e6 3. d3 d5 4. Qe2 Ne7 5. g3 Nbc6 6. Bg2 g6 7. 0-0 Bg7 8. c3 0-0 9. e5 Qc7 10. Re1 h6 11. h4 b5 12. Na3 a6 13. Nc2 a5 14. Bf4 Ba6 15. Qd2 Kh7 16. Ne3 b4 17. Ng4 Ng8 18. Rac1 c4 19. dxc4 Rad8 20. cxd5 Rxd5 21. Qe3 Rd3 22. Qe4 bxc3 23. Rxc3 Rxc3 24. bxc3 Nce7 25. h5 Bb7 26. Qc2 Nf5 27. Nf6+ Kh8 28. Nxg8 Kxg8 29. hxg6 fxg6 30. Qd2 Rd8 31. Nd4 Bxg2 32. Kxg2 Qb7+ 33. Kg1 Ne7 34. Bxh6 Nf5 35. Bxg7 Nxg7 36. Qg5 Rd7 37. Qxg6 Qd5 38. Rb1 Qxe5 39. Rb5 Qe1+ 40. Kg2 Rd8 41. Rb7 Qe5 42. Rxg7+ Qxg7 43. Qxg7+ 1-0

[Event "Wch Blitz"]
[Site "Almaty"]
[Date "2022.12.29"]
[Round "6"]
[White "Esipenko, Andrey"]
[Black "Bologan, Viktor"]
[Result "1-0"]
[WhiteElo "2620"]
[BlackElo "2525"]
[PlyCount "80"]
[EventDate "2022.12.29"]
[EventType "swiss (blitz)"]
[EventRounds "21"]
[EventCountry "KAZ"]
[SourceTitle "CBM 212"]
[Source "ChessBase"]
[SourceDate "2023.02.28"]
[SourceVersion "1"]
[SourceVersionDate "2023.02.28"]
[SourceQuality "1"]

1. e4 g6 2. d4 Bg7 3. Nf3 d6 4. Be3 Nf6 5. Nc3 Ng4 6. Bg5 h6 7. Bh4 c6 8. Qd2 b5 9. Bd3 Nf6 10. e5 b4 11. Ne4 dxe5 12. Nxe5 Nxe4 13. Bxe4 Bxe5 14. dxe5 Qxd2+ 15. Kxd2 Bf5 16. Rhe1 Bxe4 17. Rxe4 c5 18. a3 Nc6 19. axb4 cxb4 20. e6 f5 21. Rc4 0-0-0+ 22. Ke3 Kb7 23. c3 Rd6 24. f3 Rxe6+ 25. Kf2 Rd8 26. cxb4 Rd2+ 27. Kf1 Rxb2 28. Rd1 Rxb4 29. Rxb4+ Nxb4 30. Rd7+ Kb6 31. Bf2+ Kb5 32. Bxa7 Nc6 33. Bf2 g5 34. Rd5+ Ka6 35. Rxf5 Kb7 36. h4 gxh4 37. Bxh4 Kc7 38. Be1 Rf6 39. Rh5 Nd4 40. Bc3 Rd6 1-0

[Event "Wch Blitz"]
[Site "Warsaw"]
[Date "2021.12.30"]
[Round "19"]
[White "Bologan, Viktor"]
[Black "Fridman, Daniel"]
[Result "1-0"]
[WhiteElo "2574"]
[BlackElo "2626"]
[PlyCount "55"]
[EventDate "2021.12.29"]
[EventType "swiss (blitz)"]
[EventRounds "21"]
[EventCountry "POL"]
[SourceTitle "CBM 205 Extra"]
[Source "ChessBase"]
[SourceDate "2022.01.31"]
[SourceVersion "1"]
[SourceVersionDate "2022.01.31"]
[SourceQuality "1"]

1. e4 e6 2. d4 d5 3. Nc3 Nf6 4. e5 Nfd7 5. Nce2 c5 6. c3 Nc6 7. f4 Qb6 8. Nf3 Be7 9. a3 a5 10. Ng3 f6 11. Bd3 0-0 12. h4 fxe5 13. dxe5 h6 14. Bb1 Rf7 15. Ng5 hxg5 16. hxg5 Bxg5 17. fxg5 Ndxe5 18. g6 Rc7 19. Qh5 Kf8 20. Bg5 Ke8 21. Qh8+ Kd7 22. Qxg7+ Kd6 23. Qf8+ Ne7 24. Rh7 N5c6 25. Bxe7+ Rxe7 26. Qf4+ e5 27. Qf6+ Re6 28. Nf5# 1-0